| 000 | 00587 a2200217 4500 | ||
|---|---|---|---|
| 005 | 20260210104529.0 | ||
| 008 | 260209b |||||||| |||| 00| 0 eng d | ||
| 020 |
_a9780443190827 _c$ 165.00 |
||
| 040 | _aMAIN | ||
| 082 |
_a628.55 _bP192A |
||
| 100 | _aAncona, Valeria | ||
| 110 | _a | ||
| 245 | _aAromatic plant-based phytoremediation: Socio-economic and agricultural sustainability | ||
| 260 |
_bElsevier _c2024 _aCambridge |
||
| 300 | _axv, 242 | ||
| 650 | _aBotany | ||
| 650 | _aBiaremediation | ||
| 650 | _aPhytoremediation | ||
| 650 | _aAromatice Plant | ||
| 942 | _cBK | ||
| 999 |
_c396009 _d396009 |
||